10 największych miast w Egipcie - Statystyki

Ogólne statystyki
  • Ten quiz został rozwiązany 201 razy
  • Średni wynik to 4 z 10
Statystyki odpowiedzi
Liczba mieszańców Nazwa miasta % Poprawnych
7 740 018 Kair
99%
4 084 672 Aleksandria
89%
2 891 275 Giza
60%
451 318 Luksor
52%
570 603 Port Said
40%
510 935 Suez
36%
422 854 Tanta
7%
439 348 Al-Mansura
6%
1 025 569 Szubra al-Chajma
5%
442 958 Al-Mahalla al-Kubra
3%
Nie znaleziono quizów pasujących do podanych kryteriów
Rozkład punktacji
Procent ludzi z każdym wynikiem
Percentyl według liczby udzielonych odpowiedzi
Twoja historia wyników
Nie rozwiązałeś tego quizu